RICS 中国商业地产 领袖论坛 (Record no. 121639)

MARC details
000 -LEADER
fixed length control field 00948nam a22002057a 4500
008 - FIXED-LENGTH DATA ELEMENTS--GENERAL INFORMATION
fixed length control field 230810s2023 xxk|||||o|||| 00| 0 chi d
041 ## - LANGUAGE CODE
Language code of text/sound track or separate title eng
110 ## - MAIN ENTRY--CORPORATE NAME
Corporate author Royal Institution of Chartered Surveyors
245 ## - TITLE STATEMENT
Title RICS 中国商业地产 领袖论坛
Medium [Electronic resource]
260 ## - PUBLICATION INFORMATION
Place of publication London,
Publisher Royal Institution of Chartered Surveyors,
Date July 2023
300 ## - PHYSICAL DESCRIPTION
Physical description 8p.
490 ## - SERIES TITLE
Series statement RICS Insights
500 ## - GENERAL NOTE
General note APAC Q1 2023 China Commercial Property Leaders' Forum Insights
520 ## - ABSTRACT
Abstract Insights report from the Q1 2023 China Commercial Property Leaders' Forum, written in Mandarin.
651 ## - SUBJECT ADDED ENTRY--GEOGRAPHIC NAME
Geographic name China
690 ## - BROAD SUBJECT
9 (RLIN) 6227
Broad subject Commercial property
710 ## - ADDED CORPORATE NAME
Added corporate author Royal Institution of Chartered Surveyors
856 ## - ONLINE RESOURCE
Uniform Resource Identifier <a href="https://www.rics.org/content/dam/ricsglobal/documents/reports/6.15RICS%E5%95%86%E4%B8%9A%E5%9C%B0%E4%BA%A7%E9%A2%86%E8%A2%96%E8%AE%BA%E5%9D%9B%E4%BC%9A%E8%AE%AE%E6%8A%A5%E5%91%8A.pdf">https://www.rics.org/content/dam/ricsglobal/documents/reports/6.15RICS%E5%95%86%E4%B8%9A%E5%9C%B0%E4%BA%A7%E9%A2%86%E8%A2%96%E8%AE%BA%E5%9D%9B%E4%BC%9A%E8%AE%AE%E6%8A%A5%E5%91%8A.pdf</a>
Public note Available free on RICS.org
942 ## - ADDED ENTRY ELEMENTS (KOHA)
Suppress in OPAC Do not suppress in OPAC
Holdings
Lost status Damaged status Not for loan Current library Shelving location Date acquired Total Checkouts Full call number Date last seen Price effective from Koha item type
      Virtual Online 10/08/2023   ONLINE PUBLICATION 10/08/2023 10/08/2023 Online material